Te digo más...y otros cuentos / (Registro nro. 3044)
[ vista simple ]
| 000 -LEADER | |
|---|---|
| fixed length control field | 01407nam a2200205 a 4500 |
| 008 - CAMPO DE CONTROL (LIBRO) | |
| fixed length control field | 190916s2015 a ||||gr|||| 000 f spa d |
| 020 ## - INTERNATIONAL STANDARD BOOK NUMBER | |
| ISBN | 9789504936732 |
| 041 ## - CODIGO DE IDIOMA | |
| Código de idioma del texto/pista de sonido o título separado | spa |
| 092 ## - SIGNATURA TOPOGRAFICA DEWEY LOCAL | |
| número de clasificación | 808 |
| libristica | 26 |
| sección | FON |
| 100 1# - ENTRADA PRINCIPAL--NOMBRE PERSONAL | |
| Nombre personal | Fontanarrosa, Roberto. |
| 9 (RLIN) | 4089 |
| 245 3# - TITULO PROPIAMENTE DICHO | |
| Título | Te digo más...y otros cuentos / |
| Mención de responsabilidad y remanente de la transcripción de la portada | Roberto Fontanarrosa |
| 250 ## - MENCION DE EDICION | |
| Mención de edición | 2a ed. |
| 260 ## - PIE DE IMPRENTA | |
| Lugar de publicación, distribución, etc | Buenos Aires: |
| Nombre de la editorial, distribuidor, etc | Planeta; |
| Fecha de publicación | 2015. |
| 300 ## - DESCRIPCION FISICA | |
| Extension | 304 p. |
| Otros detalles físicos | 21x13cm |
| 500 ## - NOTA GENERAL | |
| Nota general | Fontanarrosa, R. (2015). Te digo mas...y otros cuentos. (2a ed.). Buenos Aires : Planeta. |
| 505 ## - NOTA DE CONTENIDO | |
| Nota de contenido formateada | "Porque, decime vos, qué carajo tiene que ver con nosotros y con nuestra costumbres el Papá Noél. ¿Quién le dio chapa al Papá Noél? Un tipo vestido para la nieve, abrigado como para ir a la Antártida, en un trineo tirado por renos. ¡Renos, mi querido! ¿Cuándo mierda hemos visto un reno nosotros?". Al Gordo Luis lo despidieron de su trabajo. Cerca de la Navidad acepta una changa para disfrazarse de Papá Noél. Con un calor exacerbante, el Gordo empieza a sudar la gota gorda. Hasta que una vecina le alcanza una jarra con una bebida que parece ser limonada, pero resulta ser vino blanco... "Te digo más" es uno de los veintiséis relatos que integran este volumen. Entre ellos, "Un barrio sin guapos" y "Mamá", uno de los cuentos más celebrados de Fontanarrosa. |
| 590 ## - NOTAS LOCALES (RLIN) | |
| Nota local | Donación septiembre 2019. |
| 655 ## - MATERIA - GENERO/FORMA | |
| Género/Forma | Literatura |
| -- | 2917 |
| 942 ## - ADDED ENTRY ELEMENTS (KOHA) | |
| Source of classification or shelving scheme | Dewey Decimal Classification |
| Item type | LITERATURA |
| Estado de retiro | Existencia | Fuente de clasificación | Estado general | No para prestamo | Ubicación permanente | ubicación actual | Sala de ubicación | Fecha de adquisición | Fuente de adquisición | Total Checkouts | Número de clasificación | Código de barras | Date last seen | Número de ejemplar | Price effective from | Koha tipo de elemento (item) | Public note |
|---|---|---|---|---|---|---|---|---|---|---|---|---|---|---|---|---|---|
| Dewey Decimal Classification | Biblioteca Medicina | Biblioteca Medicina | Procesos Técnicos | 16/09/2019 | Donación septiembre 2019. | 808 26 FON | 4577 | 16/09/2019 | Ej. 1 | 16/09/2019 | LITERATURA | Proyecto 4to libro Donación . Septiembre 2019. |